| 000 | 00772nam a22001457a 4500 | ||
|---|---|---|---|
| 999 |
_c524440 _d524440 |
||
| 008 | 231117b ||||| |||| 00| 0 eng d | ||
| 100 |
_aSingh, Pushpa _946117 |
||
| 245 | _aFood sovereignty movements and environmental justice in India: Critical insighs and assessments from Uttarakhand and Odisha | ||
| 260 | _aSocial Action | ||
| 300 | _a73(4), Oct-Dec, 2023: p.446-458 | ||
| 520 | _aThe autonomy of food and farming systems across the world has been winder significant pressure due to increasing agribusiness monopoly, corporate control and market dependencies. The ramifications are evident in the dwindling rights of forms and erosion of indigenous, local food systems. – Reproduced | ||
| 773 | _aSocial Action | ||
| 906 | _aFOOD SECURITY | ||
| 942 | _cAR | ||